000 00742cam a2200253 4500
005 20260322212038.0
008 data
010 _a 73087198
020 _a0399112618
020 _a9780399112614
040 _aDLC
_cDLC
_dDLC
043 _an-us---
050 0 0 _aE814
_b.M54 1974
082 0 0 _aB
_aB
100 1 _aMiller, Merle,
_d1919-1986.
245 1 0 _aPlain speaking :
_ban oral biography of Harry S. Truman /
_cMerle Miller.
260 _aNew York,
_bBerkley Pub. Corp.; distributed by Putnam
_c[1974]
300 _a448 p.
_c24 cm.
350 _a{dollar}8.95
600 1 0 _aTruman, Harry S.,
_d1884-1972.
650 0 _aPresidents
_zUnited States
_vBiography.
651 0 _aUnited States
_xPolitics and government
_y1945-1953.
001 data
999 _c889
_d889